| 000 | 00726cam a2200229 4500 | ||
|---|---|---|---|
| 001 | 31470 | ||
| 003 | BD-RjUL | ||
| 005 | 20211209051714.0 | ||
| 008 | 140416s1960 1955 enk 000 0 eng d | ||
| 035 | _a(BD-RjUL)31558 | ||
| 040 |
_aBPS _dm.c _dOCL _dBD-RjUL _dBD-RjUL _beng _cBD-RjUL |
||
| 041 | _aeng | ||
| 082 |
_a230 _bMAE 1960 |
||
| 100 | 1 |
_aMacquarrie, John. _995741 |
|
| 245 | 1 | 3 |
_aAn existentialist theology : _ba comparison of Heidegger and Bultmann / _cJohn Macquarrie. |
| 260 |
_aLondon : _bSCM Press, _c1955 [impression 1960] |
||
| 300 |
_axii, 252 p. ; _c23 cm. |
||
| 650 | 0 |
_aChristianity _xPhilosophy. _9266 |
|
| 830 | 0 |
_aLibrary of philosophy and theology _9128604 |
|
| 942 |
_2ddc _cBK |
||
| 999 |
_c31470 _d31470 |
||